Statistics for Islands of the Marshall Islands with a Map

Click here to take the quiz!

General Stats

  • This quiz has been taken 136 times
  • The average score is 6 of 34

Answers on the Map

Answers color-coded by a green-red scale on the quiz's map according to % correct below.
Loading ...
 

Answer Stats

Island% Correct
Majuro
92%
Bikini
46%
Arno
27%
Lib
19%
Ailuk
19%
Mili
19%
Lae
15%
Utirik
15%
Toke
15%
Mejit
15%
Likiep
15%
Ailinglaplap
15%
Wotje
15%
Jemo
15%
Aur
15%
Bikar
15%
Bokak
15%
Ebon
12%
Rongelap
12%
Nadikdik
12%
Maloelap
12%
Enewetok
12%
Erikub
12%
Kwajalein
12%
Ailinginae
12%
Kili
8%
Namorik
8%
Namu
8%
Jabat
8%
Rongerik
8%
Jaluit
8%
Ujae
8%
Ujelang
8%
Wotho
8%

Score Distribution

Percentile by Number Answered

Percent of People with Each Score

Your Score History

You have not taken this quiz